Plan de estudios decretado por S.M. en 28 de agosto de 1850 y reglamento para su ejecución, aprobado por Real Decreto de 10 de setiembre de 1851. (Record no. 190109)

MARC details
000 -LEADER
campo de control de longitud fija 00572nam a2200145 i 4500
001 - NÚMERO DE CONTROL
campo de control 190109
003 - IDENTIFICADOR DE NÚMERO DE CONTROL
campo de control ES-MaACL
005 - FECHA Y HORA DE LA ÚLTIMA TRANSACCIÓN
campo de control 20230906223637.0
008 - DATOS DE LONGITUD FIJA--INFORMACIÓN GENERAL
campo de control de longitud fija 200729s1851 sp |||| | spa d
110 0# - ENTRADA PRINCIPAL--NOMBRE DE ENTIDAD CORPORATIVA
Nombre de entidad corporativa o nombre de jurisdicción como elemento de entrada España. Ministerio de Comercio, Instrucción y Obras Públicas.
9 (RLIN) 170703
245 10 - MENCIÓN DEL TÍTULO
Título Plan de estudios decretado por S.M. en 28 de agosto de 1850 y reglamento para su ejecución, aprobado por Real Decreto de 10 de setiembre de 1851.
260 ## - PUBLICACIÓN, DISTRIBUCIÓN, ETC.
Lugar de publicación, distribución, etc. [S.l.] :
Nombre del editor, distribuidor, etc. [s.n.],
Fecha de publicación, distribución, etc. 1851 (
Lugar de fabricación/manufactura Madrid :
Fabricante Imp. Nacional)
300 ## - DESCRIPCIÓN FÍSICA
Extensión 175 p. ;
Dimensiones 23 cm.
852 ## - LOCALIZACIÓN
Ubicación ES-MaACL
Número de control de estantería T-915-F-3
Holdings
Estatus retirado Estado de pérdida Estado de daño No para préstamo Colección Biblioteca de origen Biblioteca actual Ubicación en estantería Fecha de adquisición Fuente de adquisición Total de préstamos Signatura topográfica completa Código de barras Visto por última vez Precio de reemplazo Tipo de ítem Koha
        Colección de folletos Biblioteca del Ateneo de Madrid Biblioteca del Ateneo de Madrid Depósito folletos 02/04/2005     T-915-F-3 1201799 23/02/2023 23/02/2023 Folleto